| 000 | 00937 a2200181 4500 | ||
|---|---|---|---|
| 003 | Nust | ||
| 005 | 20230119134905.0 | ||
| 040 | _cNust | ||
| 082 | _a355.33041,MON | ||
| 100 |
_aMontgomery _946237 |
||
| 245 |
_aThe path to leadership / _cMontgomery |
||
| 260 |
_aPakistan _bArmy Edu prees _c1961 |
||
| 300 | _a255,p.; | ||
| 505 | _aLeadership What is it (Page-9), Military Command (Page-20), Military Command Some Example (Page-28), Political Leadership (Page-53), Abraham Lincoln (Page-73), Jawaharlal Nehru (Page-83), General De Gaulle (Page-95), Churchill and Alanbrooke (Page-112), A Great Civil Servant (Page-133), A Captain of Industry (Page-143), Leadership of Youth (Page-158), Leadership in the West (Page-183), Communist Leadership (Page-201), A backword Look (Page-227), Conclusions (Page-233), The Epilogue (Page-253). | ||
| 600 |
_aMontgomery _946237 |
||
| 650 |
_aLeaderships _9107102 |
||
| 942 |
_2ddc _cBK _k355.33041,MON |
||
| 999 |
_c186070 _d186070 |
||